Historia crítica de los partidos políticos argentinos. (Registro nro. 39766)
[ vista simple ]
| 000 -LEADER | |
|---|---|
| campo de control de longitud fija | 00899nam a2200265 a 4500 |
| 001 - NÚMERO DE CONTROL | |
| campo de control | 39766 |
| 003 - IDENTIFICADOR DE NÚMERO DE CONTROL | |
| campo de control | AR-BaAGN |
| 005 - FECHA Y HORA DE LA ÚLTIMA TRANSACCIÓN | |
| campo de control | 20231223063233.0 |
| 007 - CAMPO FIJO DE DESCRIPCIÓN FÍSICA--INFORMACIÓN GENERAL | |
| campo de control de longitud fija | ta |
| 008 - DATOS DE LONGITUD FIJA--INFORMACIÓN GENERAL | |
| campo de control de longitud fija | 220625s2006 ag |||||r|||| ||||||spa d |
| 020 ## - NÚMERO INTERNACIONAL ESTÁNDAR DEL LIBRO | |
| Número Internacional Estándar del Libro | 978-950-556-480-4 |
| 040 ## - FUENTE DE CATALOGACIÓN | |
| Normas de descripción | aacr |
| Lengua de catalogación | español |
| Centro catalogador/agencia de origen | AR-BaAGN |
| 942 ## - ELEMENTOS DE ENTRADA SECUNDARIOS (KOHA) | |
| Tipo de ítem Koha | Libro |
| Suprimir en OPAC | No |
| 100 1# - ENTRADA PRINCIPAL--NOMBRE DE PERSONA | |
| Nombre de persona | Puiggros, Rodolfo, |
| Fechas asociadas al nombre | 1906-1980 |
| ID autoridades | 6614 |
| 245 10 - MENCIÓN DEL TÍTULO | |
| Título | Historia crítica de los partidos políticos argentinos. |
| 250 ## - MENCION DE EDICION | |
| Mención de edición | 1ª ed. |
| 260 ## - PUBLICACIÓN, DISTRIBUCIÓN, ETC. | |
| Lugar de publicación, distribución, etc. | Buenos Aires : |
| Nombre del editor, distribuidor, etc. | Galerna, |
| Fecha de publicación, distribución, etc. | 2006. |
| 300 ## - DESCRIPCIÓN FÍSICA | |
| Extensión | 5 volúmenes (160, 228, 184, 272, 168 páginas) |
| 336 ## - TIPO DE CONTENIDO | |
| Fuente | rdacontent |
| Código de tipo de contenido | texto |
| 337 ## - TIPO DE MEDIO | |
| Fuente | rdamedia |
| Código del tipo de medio | no mediado |
| 338 ## - TIPO DE SOPORTE | |
| Fuente | rdacarrier |
| Código del tipo de soporte | volumen |
| 505 0# - NOTA DE CONTENIDO CON FORMATO | |
| Información miscelánea | V. 1: |
| Título | Pueblo y oligarquía -- |
| Información miscelánea | V. 2: |
| Título | El yrigoyenismo -- |
| Información miscelánea | V. 3: |
| Título | Las izquierdas y el problema nacional -- |
| Información miscelánea | V. 4: |
| Título | La democracia fraudulenta -- |
| Información miscelánea | V. 5: |
| Título | El peronismo : sus causas. |
| 650 #4 - PUNTO DE ACCESO ADICIONAL DE MATERIA--TÉRMINO DE MATERIA | |
| Término de materia o nombre geográfico como elemento de entrada | HISTORIA ARGENTINA |
| ID autoridades | 2450 |
| Estado de retiro | Estado de pérdida | Estado de conservación | Biblioteca actual | Ubicación en estantería | Signatura topográfica completa | Código de barras | Tipo de ítem Koha | Fuente del sistema de clasificación o colocación | Especificación de materiales (volumen encuadernado u otra parte) |
|---|---|---|---|---|---|---|---|---|---|
| Biblioteca del Archivo General de la Nación | AGN - Biblioteca | AGN 16514 | AGN-16514 | Libro | |||||
| Biblioteca del Archivo General de la Nación | AGN - Biblioteca | AGN 16514 | AGN-16514-DUP1 | Libro | Clasificación Decimal Dewey | Volumen 2 | |||
| Biblioteca del Archivo General de la Nación | AGN - Biblioteca | AGN 16514 | AGN-16514-DUP2 | Libro | Clasificación Decimal Dewey | Volumen 3 | |||
| Biblioteca del Archivo General de la Nación | AGN - Biblioteca | AGN 16514 | AGN-16514-DUP3 | Libro | Clasificación Decimal Dewey | Volumen 4 | |||
| Biblioteca del Archivo General de la Nación | AGN - Biblioteca | AGN 16514 | AGN-16514-DUP4 | Libro | Clasificación Decimal Dewey | Volumen 5 |
